000 00547nam a2200229 a 4500
001 nice12345678
003 IN_TiNIC
005 20260116011426.0
008 050524s1902 laha grp 000 0 urd
020 _a
_c100
082 0 0 _a239
_bTIS3
100 _aTisdall, William
245 _aYana Biul Islam
260 _aLahore
_bPunjab Religious Booksociety
_c1902
300 _a222p
500 _aincludes index and biblioraphy
650 _aApologetics
700 1 _aTisdall, William
902 _bRBA
942 _cBK
999 _c1416
_d1416